000
00296nam a22001337a 4500
008
180214b xxu||||| |||| 00| 0 eng d
020
_a
9781603891189
041
_a
eng
080
_a
37
100
_a
48
101
_a
EDU
245
_a
RADING ANALYZING NONFICTION
_c
SLANT.S
942
_2
udc
_c
BK
999
_c
42471
_d
42471